1845 1341 1391 1291 1400 1866 1730 1835 1083 1594 1363 1778 1081 1364 1759 1231 1887 1213 1415 1284 1371 1036 1645 1910 1222 1980 1015 1431 1540 1540 1220 1902 1344 1384 1619 1576 1817 1091 1483 1191 1504 1291 1929 1616 1517 1768 1927 1843 1785 1031 1895 1394 1219 1174 1487 1408 1537 1512 1421 1935 1283 1675 1371 1481 1745 1560 1119 1352 1440 1041 1893 1920 1148 1895 1559 1508 1531 1052 1700 1058 1045 1084 1572 1504 1963 1941 1995 1283 1291 1713 1007 1692 1403 1442 1278 1547 1118 1488 1067 BCNSPRNW ULIB Ver.6.0+V

เปลี่ยนเป็นภาษาไทย

Change to English
 แสดงรายละเอียดบรรณานุกรม
  กลับหน้าหลัก

Brief Record : Get Marc (ISO 2709) : E-mail record : QR code < ปิดหน้าต่าง
LEADER : 00000nam 2200000uu 4500
001    13399108908
003     ULIB
008    110316s2547||||th 000 0 tha d
020    9749016939
060 04 W825^bพ253ส 2547
100 0  พรทิพย์ โรจนสุนันท์,^cคุณหญิง,^d2497-
245 10 สอนด้วยศพ /^cพญ. คุณหญิง พรทิพย์ โรจนสุนันท์
250    พิมพ์ครั้งที่ 10
260    กรุงเทพฯ :^bคลินิกสุขภาพ,^c2547
300    157 หน้า ;^c21 ซม.
650  7 นิติเวชวิทยา
650  7 การชันสูตรพลิกศพ
945    ^p120^l0^i017326
945    ^p120^l0^i017325
995    ทศพร
999 ^a ใช้งานได้ทุกระบบ
รายการนี้ยังไม่มีแท็ก
คุณยังไม่ได้ล็อกอิน คุณสามารถมีกิจกรรมร่วมกับเว็บไซต์ได้ แต่ต้องล็อกอินก่อน ::
  ล็อกอิน

รายการสื่อสารสนเทศ

ลำดับที่ ประเภท เลขเรียก/บาร์โค้ด สถานที่ สถานะ
- ไม่พบข้อมูล -

รายการใกล้เคียง
    หัวเรื่อง [นิติเวชวิทยา]
    หัวเรื่อง [การชันสูตรพลิกศพ]

BibComment


ยังไม่เคยถูกคอมเมนท์

คอมเมนท์ทรัพยากรรายการนี้
  คอมเมนท์: สอนด้วยศพ พญ คุณ..


 Copyright 2026. Bcnsprnw @Library